000 00662nam a2200277Ia 4500
005 20260324140025.0
008 008 260324s9999 xx 000 0 eng d
020 _a9780429401930
037 _aEBOOK
040 _aCRL
040 _beng
040 _cCRL
041 _2eng
041 _aeng
084 _qCRL
100 _aMartin Dent; Bill Peters
_91202836
245 4 _aThe Crisis of Poverty and Debt in the Third World
260 _bTaylor and Francis
260 _c1999
365 _a
365 _b170
856 _uhttp://www.taylorfrancis.com/books/9780429401930
942 _cEBOOK
999 _c1804463
_d1804463